Odkaz Miltona Friedmana

Bibliographic Details
Main Author: Krivošík, Lukáš, 1983- (Author)
Format: Article
Language:Slovak
PhysicalDescription:Fotogr.
ISSN:1336-5932
Subjects:

MARC

LEADER 00000nab a2200000 a 4500
001 vtls008983899
003 SK-MaSNL
005 20260304015517.0
008 140515c2007 xo wr|p|||||||000 b|slo
015 |a SNBRB2007/04  |2 snkbucl 
040 |a SNKBUCL  |b slo  |c SNKBUCL  |e AACR2 
041 0 |a slo 
044 |a xo  |c SK 
080 |a 33-051  |2 2001 
080 |a 929 Friedman, Milton  |2 2001 
100 1 |a Krivošík, Lukáš,  |d 1983-  |4 aut  |9 78603 
245 1 0 |a Odkaz Miltona Friedmana  |c Lukáš Krivošík 
300 |b Fotogr. 
600 1 7 |a Friedman, Milton,  |d 1912-2006  |2 snkbucl  |9 23460 
655 7 |a eseje  |2 snkbucl  |9 57030 
773 0 |t Týždeň  |g Roč. IV, č. 16 (2007), s. 48-50  |x 1336-5932 
852 |a SNK  |b KIS3GCP 
958 |a US 
958 |a BC 
999 |c 2591985  |d 2593915